Global relations of the United States. (Record no. 90047)

MARC details
000 -LEADER
fixed length control field 00994cam a22002771 4500
001 - CONTROL NUMBER
control field sd 54000008
003 - CONTROL NUMBER IDENTIFIER
control field DLC
005 - DATE AND TIME OF LATEST TRANSACTION
control field 20260227112736.0
008 - FIXED-LENGTH DATA ELEMENTS--GENERAL INFORMATION
fixed length control field 920417r19541954dcua f000 0 eng c
010 ## - LIBRARY OF CONGRESS CONTROL NUMBER
LC control number sd 54000008
035 ## - SYSTEM CONTROL NUMBER
System control number (OCoLC)25666696
040 ## - CATALOGING SOURCE
Original cataloging agency U.S. Dept. of State. Library
Transcribing agency DS
Modifying agency DS
-- DLC
042 ## - AUTHENTICATION CODE
Authentication code premarc
050 00 - LIBRARY OF CONGRESS CALL NUMBER
Classification number E159
Item number .B69
100 1# - MAIN ENTRY--PERSONAL NAME
Personal name Boggs, Samuel Whittemore,
Dates associated with a name 1889-1954.
245 10 - TITLE STATEMENT
Title Global relations of the United States.
260 ## - PUBLICATION, DISTRIBUTION, ETC.
Place of publication, distribution, etc. [Washington,
Name of publisher, distributor, etc. U.S. Govt. Print. Off.,
Date of publication, distribution, etc. 1954]
300 ## - PHYSICAL DESCRIPTION
Extent 903-912 p.
Other physical details illus.
Dimensions 26 cm.
490 1# - SERIES STATEMENT
Series statement [U.S.] Dept. of State. Publication
Volume/sequential designation 5536
490 1# - SERIES STATEMENT
Series statement General foreign policy series,
Volume/sequential designation 91
500 ## - GENERAL NOTE
General note "Reprinted from the Department of State bulletin of June 14, 1954."
651 #0 - SUBJECT ADDED ENTRY--GEOGRAPHIC NAME
Geographic name United States
General subdivision Distances, etc.
651 #0 - SUBJECT ADDED ENTRY--GEOGRAPHIC NAME
Geographic name United States
General subdivision Foreign relations.
830 #0 - SERIES ADDED ENTRY--UNIFORM TITLE
Uniform title Department of State publication ;
Volume/sequential designation 5536.
830 #0 - SERIES ADDED ENTRY--UNIFORM TITLE
Uniform title Department of State publication.
Name of part/section of a work General foreign policy series ;
Volume/sequential designation 91.

No items available.

Powered by Koha